000 00501nam a2200169 i 4500
001 100983
003 ES-MaACL
005 20230906182811.0
007 t|
008 051010s1901 fr ||||1| fre d
100 1 _aMaumus, Elisée-Vincent.
_979209
245 1 3 _aLa politique practique á l'heure présente /
_cVicent Maumus.
260 _aParis :
_bPlon-Nourrit,
_c1901.
300 _a30 p. ;
_c24 cm.
650 4 _aIglesia y estado-
_zFrancia-
_xHistoria.
_9146372
852 _aES-MaACL
_jT-977-F-9
999 _c100983
_d100983